000 00875nam a22002897a 4500
001 4046928
003 OSt
005 20140310181715.0
008 990318s1998 ph a 000 0 eng
010 _a 98947720
020 _a9712706648
040 _aDLC
_cDLC
042 _alcode
050 0 0 _aGT 4987
_b.Al366 1998
100 1 _aAlejandro, Reynaldo G.
245 1 0 _aPasko! :
_bthe Philippine Christmas /
_cReynaldo Gamboa Alejandro, Marla Yotoko Chorengel.
246 3 0 _aPhilippine Christmas
260 _aManila, Philippines :
_bPublished and exclusively distributed by National Bookstore and Anvil Pub.
_c1998.
300 _a208 p. :
_bcol. ill. ;
_c30 cm.
526 _c880L-960L
562 _e1
650 _aChristmas
_xPhilippines
906 _a7
_bcbc
_corigode
_d4
_encip
_f19
_gy-gencatlg
942 _2lcc
_cBK
_kFIL
999 _c1746
_d1746